000 00626nam a2200241 a 4500
001 0001-1228
003 ELIB.Books
008 150529 2010 eng
020 _a9780310339557
035 _a(ELIB.Books)0001-1383
092 _a248
_bStr
100 _aStrobel, Lee.
245 _aThe Case For Christianity Answer Book
260 _aGrand Rapids
_bZondervan Publishing House
_c2014
300 _a214
_c17 Cm
500 _aC/o Moe Lwei
650 _aChristian Life
856 _nKBTS: Library
_uKBTS: Elib
942 _2ddc
_cBK
990 _a1
998 _cbat
_e2015-05-29
999 _c11228
_d11228